000 00672nam a2200229 i 4500
001 bg
100 1 _aBŁACH, Anna
245 1 0 _aInżynierska geometria wykreślna :
_b(podstawy i zastosowania) /
_cAnna Błach.
260 _aGliwice :
_bWydaw. PŚ,
_c2002.
300 _a336, [2] s. :
_bil. ;
_c30 cm.
504 _aBibliogr.
650 9 _aGeometria wykreślna
655 _aPodręczniki akademickie
020 _a8373350233
040 _cBPK
041 0 _apol
080 _a514.18(075.8)
920 _a83-7335-023-3
942 _cKS
008 s pl f |000 0 pol
999 _c45154
_d45154
856 _uhttp://koha.tu.koszalin.pl/cgi-bin/koha/opac-detail.pl?biblionumber=45154
_yKatalog online BPK